Bordering Country Capitals Quiz Stats

 Plays Quiz Updated Aug 27, 2015

Also try: 5-Border Countries
Challenge
Share
Tweet
Embed
Score 0/36 Timer 12:00
0 Plays Today
Capital of Country 1 Capital of the Only Bordering Country % Correct
OttawaWashington
99.4%
LisbonMadrid
91.7%
SeoulPyongyang
76.9%
MontevideoBuenos Aires
71.1%
CairoTripoli
65.8%
UlaanbaatarMoscow
64.4%
RabatAlgiers
57.3%
KathmanduNew Delhi
55%
MoscowWarsaw
54.7%
CaracasBrasilia
51.2%
Sana'aRiyadh
51%
RiyadhBaghdad
50.5%
QuitoLima
48.2%
San JosePanama City
47.7%
Bandar Seri BegawanKuala Lumpur
44.7%
VaduzVienna
44.6%
BogotáLima
44.2%
VilniusMoscow
43.5%
Capital of Country 1 Capital of the Only Bordering Country % Correct
TbilisiAnkara
43.2%
ChisinauKyiv
37.1%
BelmopanGuatemala City
36.7%
SarajevoBelgrade
36.6%
IslamabadTehran
36.6%
Port MoresbyJakarta
35.2%
YerevanAnkara
32.8%
ParamariboParis
31.6%
San SalvadorTegucigalpa
31.2%
ThimphuBeijing
29.9%
KampalaNairobi
28.4%
MoscowBeijing
25.2%
MaseruPretoria
23.4%
BanjulDakar
19.3%
WindhoekLusaka
18.9%
AlgiersBamako
18.7%
MbabaneMaputo
18.1%
NiameyN'Djamena
17.9%

You're not logged in!

Compare scores with friends on all Sporcle quizzes.
OR
Log In

You Might Also Like...

Show Comments

Extras

Top Quizzes Today


Score Distribution

Your Account Isn't Verified!

In order to create a playlist on Sporcle, you need to verify the email address you used during registration. Go to your Sporcle Settings to finish the process.

Report this User

Report this user for behavior that violates our Community Guidelines.

Details: